Đang tải...
Principles of human genetics / 2nd ed.
| Tác giả chính: | |
|---|---|
| Định dạng: | Printed Book |
| Ngôn ngữ: | English |
| Được phát hành: |
New delhi
Eurasia
1968
|
| Phiên bản: | 2nd ed. |
| Những chủ đề: |
| LEADER | 00530nam a2200169 a 4500 | ||
|---|---|---|---|
| 005 | 20151028162142.0 | ||
| 008 | 960221s1955 dcuabcdjdbkoqu001 0deng d | ||
| 003 | ViArRB | ||
| 082 | |a 613.9 |b K0 | ||
| 100 | |a Stern, Curt |9 22950 | ||
| 245 | |a Principles of human genetics / 2nd ed. | ||
| 250 | |a 2nd ed. | ||
| 653 | |a Hereditary factors |a medical science | ||
| 942 | |c BK |6 _ | ||
| 260 | |a New delhi |b Eurasia |c 1968 | ||
| 999 | |c 76196 |d 76196 | ||
| 952 | |0 0 |1 0 |2 ddc |4 0 |6 6139_K0 |7 0 |9 88936 |a SOS |b SOS |d 2009-09-22 |o 613.9 K0 |p MS001821 |r 2013-06-14 |w 2009-07-13 |y BK | ||